000 00787nam a22001817a 4500
999 _c61729
_d61729
005 20240423101929.0
008 240423s2007 enk||||| |||| 00| 0 eng d
020 _a9780309103862x
041 _aeng
080 _a616-006 C-19
245 _aCancer Biomarkers:
_bThe Promises and Challenges of Improving Detection and Treatment /
_cEdited Sharyl J. Nass, Harold L. Moses.
264 _aWashington :
_bThe National Academy Press,
_c2007.
300 _a236 p. ;
_b23 cm.
653 _aკიბოს სკრინინგი
653 _aკიბოს გამოვლენისა და მკურნალობის გაუმჯობესების პერსპექტივები
653 _aმედიცინა
942 _2udc
_cᲬᲘᲒᲜᲘ